Statistics for Common Mechanics Tools by Picture

Click here to take the quiz!

General Stats

  • This quiz has been taken 28 times
    (9 since last reset)
  • The average score is 7 of 16

Answer Stats

Answer% Correct
Mallet
100%
Screwdriver
100%
Spanner/Wrench
89%
Air Compressor
67%
Ratchet
56%
Socket
56%
Trolley Jack
56%
Scan tool
44%
Torx bit
44%
Breaker Bar
22%
Impact Wrench
22%
Multimeter
22%
Spring Compressor
11%
Ball Joint Seperator
0%
Clutch Alignment tool
0%
Crankshaft Sprocket Holder
0%

Score Distribution

Percentile by Number Answered

Percent of People with Each Score

Your Score History

You have not taken this quiz since the last reset